000 00450nam a2200181Ia 4500
005 20250423094746.0
008 250422s9999 xx 000 0 und d
020 _a0-87220-127-9
050 _aJA 79 .C59/
100 _aMichael L. Morgan
245 0 _aClassics of Moral and Political Theory
260 _aIndiana
260 _bHackett Publishing Company Inc
260 _c1992
300 _a1233 p
650 _aPoltical Ethics
942 _cBK
999 _c28207
_d28207